CAN VEREN PERVANELER 3 (Record no. 904642)

MARC details
000 -LEADER
sabit uzunluktaki kontrol alanı 00258nam a2200097Ia 4500
001 - KONTROL NUMARASI
kontrol alanı 904642
005 - EN SON İŞLEMİN TARİH VE ZAMANI
kontrol alanı 20250826184935.0
008 - SABİT-UZUNLUKTA VERİ ÖĞELERİ--GENEL BİLGİ
sabit uzunluktaki kontrol alanı 250824s9999 xx 000 0 und d
245 #0 - ESER / YAZAR
ESER ADI CAN VEREN PERVANELER 3
Yazar Adı HAYATİ İNANÇ
260 ## - YAYIN, DAĞITIM, VB.
YAYIN EVİ BABIALİ KÜLTÜR YAYINLARI
Holdings
Düşüm durumu Kayıp durumu Hasar Durumu Ödünç verilmez Ana kütüphane Geçerli Kütüphane Edinilen tarih Toplam ödünç verme sayısı Barkod Son görüntüleme tarihi Son ödünç verme tarihi Fiyatın geçerli olmaya başladığı tarih Koha materyal türü
        MÜMİNE HATUN ANDOLU İMAM HATİP LİSESİ MÜMİNE HATUN ANDOLU İMAM HATİP LİSESİ 24.08.2025 1 10664224 07.11.2025 23.10.2025 26.08.2025 Books